000 00846nam a2200265Ia 4500
003 OSt
005 20220925194643.0
006 a|||||r|||| 00| 0
007 ta
008 220923b |||||||| |||| 00| 0 eng d
020 _a9780745649429
_c866.36000000000001
037 _b2691, 22/03/2012, The Bookseller
_cGeneral Book
040 _aRTL
_cRTL
_beng
041 _2eng
_aeng
082 _aY:438, Q2
100 _aBrock Lothar
_9251913
245 0 _aFragile states
_b Violence and the failure of intervention.
260 _aCambridge
_bPolity Press
_c2012
300 _aviii, 194p.
_ccm.
490 _aWar and Conflict in the Modern World
500 _aBibliography: P 173-85
650 _aGeography
942 _hY:438, Q2
_cGB
_2CC
999 _c530274
_d530274